عرض عادي عرض مارك
  • Wellek, Stefan.

مدخل إسم شخص

عدد التسجيلات المستخدمة في: 1

001 - رقم الضبط

  • حقل الضبط: 4426

003 - معرف رقم الضبط

  • حقل الضبط: OSt

005 - تاريخ ووقت أخر عملية

  • حقل الضبط: 20110914030822.0

008 - عناصر بيانات ثابتة الطول

  • حقل تحكم ثابت الطول: 110914|||a|||||| | ||| d

040 ## - مصدر الفهرسة

  • هيئة الفهرسة الأصلية: OSt
  • وكالة الكتابة: OSt

100 ## - مدخل -- أسم شخص

  • إسم شخص: Wellek, Stefan.

670 ## - بيانات المصدر موجوده

  • الاستشهاد بالمصدر: Work cat.: (OSt)974: Wellek, Stefan., Testing statistical hypotheses of equivalence /, c2003.